<?xml version="1.0" encoding="UTF-8"?>
<record
    xmlns:xsi="http://www.w3.org/2001/XMLSchema-instance"
    xsi:schemaLocation="http://www.loc.gov/MARC21/slim http://www.loc.gov/standards/marcxml/schema/MARC21slim.xsd"
    xmlns="http://www.loc.gov/MARC21/slim">

  <leader>03401nam a2200349   4500</leader>
  <controlfield tag="003">OSt</controlfield>
  <controlfield tag="005">20240424115400.0</controlfield>
  <controlfield tag="008">240423s2022    ts ad||f |||| 001 0 spa d</controlfield>
  <datafield tag="020" ind1=" " ind2=" ">
    <subfield code="a">9789948797852 (Libro impreso)</subfield>
  </datafield>
  <datafield tag="020" ind1=" " ind2=" ">
    <subfield code="a">9789948979869 (Libro electr&#xF3;nico)</subfield>
  </datafield>
  <datafield tag="040" ind1=" " ind2=" ">
    <subfield code="e">rda</subfield>
    <subfield code="c">CHAP</subfield>
  </datafield>
  <datafield tag="082" ind1="0" ind2="0">
    <subfield code="2">22</subfield>
    <subfield code="a">634.6270953</subfield>
    <subfield code="b">V29</subfield>
  </datafield>
  <datafield tag="245" ind1="0" ind2="0">
    <subfield code="a">La variedad Mejhoul :</subfield>
    <subfield code="b"> la joya de los d&#xE1;tiles - origen, distribuci&#xF3;n y mercado internacional /</subfield>
    <subfield code="c">editado por  Abdelouahhab Zaid y Oihabi  Abdallah, traducci&#xF3;n de Ricardo Salom&#xF3;n Torres y No&#xE9; Ortiz Uribe</subfield>
  </datafield>
  <datafield tag="250" ind1=" " ind2=" ">
    <subfield code="a">Primera edici&#xF3;n</subfield>
  </datafield>
  <datafield tag="264" ind1=" " ind2="1">
    <subfield code="a">Emiratos &#xC1;rabes Unidos:</subfield>
    <subfield code="b">Premio Internacional Khalifa para la Palma Datilera y la Innovaci&#xF3;n Agr&#xED;cola, </subfield>
    <subfield code="c">2022.</subfield>
  </datafield>
  <datafield tag="300" ind1=" " ind2=" ">
    <subfield code="a">279 p&#xE1;ginas:</subfield>
    <subfield code="b">Ilustraciones, cuadros, gr&#xE1;ficas, mapas</subfield>
  </datafield>
  <datafield tag="336" ind1=" " ind2=" ">
    <subfield code="2">rdacontent</subfield>
    <subfield code="a">texto</subfield>
    <subfield code="b">txt</subfield>
  </datafield>
  <datafield tag="337" ind1=" " ind2=" ">
    <subfield code="2">rdamedia</subfield>
    <subfield code="a">sin medio</subfield>
    <subfield code="b">n</subfield>
  </datafield>
  <datafield tag="338" ind1=" " ind2=" ">
    <subfield code="2">rdacarrier</subfield>
    <subfield code="a">volumen</subfield>
    <subfield code="b">nc</subfield>
  </datafield>
  <datafield tag="504" ind1=" " ind2=" ">
    <subfield code="a">Incluye &#xED;ndice y bibliograf&#xED;a</subfield>
  </datafield>
  <datafield tag="520" ind1=" " ind2=" ">
    <subfield code="a">La variedad de d&#xE1;til Mejhoul es una de las m&#xE1;s importantes  del mundo. El prop&#xF3;sito del presente libro es resaltar y presentar la importancia de la Variedad Mejhoul en el Medio Oriente y Norte de &#xC1;frica (regi&#xF3;n MENA ), as&#xED; como su cultivo en el resto del nuevo mundo. En reconocimiento de esta variedad de d&#xE1;til de importancia mundial, la Secretar&#xED;a General del premio Internacional Khalifa para la palma Datilera y la innovaci&#xF3;n Agr&#xED;cola  ( kIADPAI ) con sede en Abu Dhabi en los Emiratos &#xC1;rabes Unidos, presidida por su Excelencia, el Jeque Nahayan Mabark Al Nahayan, Ministro de Tolerancia y coexistencia y Presidente del Patronato KIADPAI tuvo el privilegio de Producir un libro cient&#xED;fico especializado: el cual se titula: La Variedad Mejhoul, La joya de los D&#xE1;tiles: Origen, distribuci&#xF3;n y Mercado Internacional. Esta libro revela informaci&#xF3;n sobre una serie de factores importantes, donde se presenta el origen y la distribuci&#xF3;n geogr&#xE1;fica de la variedad Mejhoul, sus requisitos edafoclim&#xE1;ticos t&#xE9;cnicas de propagaci&#xF3;n y las caracter&#xED;sticas qu&#xED;micas y f&#xED;sicas de este fruto. Tambi&#xE9;n se abordan varios factores cruciales, ya que se destacan los est&#xE1;ndares de  comercializaci&#xF3;n para esta variedad, su comercializaci&#xF3;n comercial regional e internacional, as&#xED; como su importancia en las estrategias de cultivo para la palma datilera de los pa&#xED;ses MENA y el impacto esperado de esta estrategia, en la comercializaci&#xF3;n regional e internacional del d&#xE1;til. El libro tambi&#xE9;n tiene como objetivo, influenciar a los l&#xED;deres a nivel local, regional e internacional, al proporcionarles recomendaciones sobre investigaci&#xF3;n, desarrollo, demostraciones e innovaci&#xF3;n en la variedad Mejhoul, ofrecer informaci&#xF3;n de fondo para las oportunidades de inversi&#xF3;n regional, as&#xED; como proyectos de desarollo internacional por parte de inversores privados.</subfield>
  </datafield>
  <datafield tag="534" ind1=" " ind2=" ">
    <subfield code="p">T&#xED;tulo original:</subfield>
    <subfield code="t">[ The  Mejhoul Variety, The Jewel of Dates: Origin, Distribution and International Market ]</subfield>
  </datafield>
  <datafield tag="650" ind1=" " ind2="4">
    <subfield code="9">188999</subfield>
    <subfield code="a">D&#xE1;tiles</subfield>
    <subfield code="x">Cultivo</subfield>
    <subfield code="z">Pen&#xED;nsula ar&#xE1;biga</subfield>
  </datafield>
  <datafield tag="650" ind1=" " ind2="4">
    <subfield code="9">189000</subfield>
    <subfield code="a">D&#xE1;tiles</subfield>
    <subfield code="x">Mercadeo</subfield>
  </datafield>
  <datafield tag="650" ind1=" " ind2="4">
    <subfield code="9">189002</subfield>
    <subfield code="a">D&#xE1;tiles</subfield>
    <subfield code="x">Aspectos econ&#xF3;micos</subfield>
  </datafield>
  <datafield tag="650" ind1=" " ind2="4">
    <subfield code="9">189001</subfield>
    <subfield code="a">D&#xE1;tiles</subfield>
    <subfield code="x">Variedades</subfield>
  </datafield>
  <datafield tag="700" ind1="1" ind2=" ">
    <subfield code="9">123440</subfield>
    <subfield code="a">Zaid, Abdelouahhab</subfield>
    <subfield code="e">Editor</subfield>
  </datafield>
  <datafield tag="700" ind1="1" ind2=" ">
    <subfield code="9">189003</subfield>
    <subfield code="a">Oihbi, Abdallab</subfield>
    <subfield code="e">Editor</subfield>
  </datafield>
  <datafield tag="700" ind1="1" ind2=" ">
    <subfield code="9">188998</subfield>
    <subfield code="a">Salom&#xF3;n Torres, Ricardo</subfield>
    <subfield code="e">Traductor</subfield>
  </datafield>
  <datafield tag="700" ind1="1" ind2=" ">
    <subfield code="9">84077</subfield>
    <subfield code="a">Ortiz Uribe, No&#xE9;</subfield>
    <subfield code="e">Traductor</subfield>
  </datafield>
  <datafield tag="942" ind1=" " ind2=" ">
    <subfield code="2">ddc</subfield>
    <subfield code="c">LIBRO</subfield>
  </datafield>
  <datafield tag="999" ind1=" " ind2=" ">
    <subfield code="c">219877</subfield>
    <subfield code="d">219877</subfield>
  </datafield>
  <datafield tag="952" ind1=" " ind2=" ">
    <subfield code="0">0</subfield>
    <subfield code="1">0</subfield>
    <subfield code="2">ddc</subfield>
    <subfield code="4">0</subfield>
    <subfield code="5">2</subfield>
    <subfield code="7">0</subfield>
    <subfield code="8">GRAL</subfield>
    <subfield code="a">BC</subfield>
    <subfield code="b">BC</subfield>
    <subfield code="c">PP_GRAL</subfield>
    <subfield code="d">2024-04-23</subfield>
    <subfield code="l">0</subfield>
    <subfield code="o">634.6270953 V29</subfield>
    <subfield code="p">33724002585461</subfield>
    <subfield code="r">2024-04-23 00:00:00</subfield>
    <subfield code="w">2024-04-23</subfield>
    <subfield code="y">LIBRO</subfield>
  </datafield>
  <datafield tag="952" ind1=" " ind2=" ">
    <subfield code="0">0</subfield>
    <subfield code="1">0</subfield>
    <subfield code="2">ddc</subfield>
    <subfield code="4">0</subfield>
    <subfield code="5">2</subfield>
    <subfield code="7">0</subfield>
    <subfield code="8">GRAL</subfield>
    <subfield code="a">BC</subfield>
    <subfield code="b">BC</subfield>
    <subfield code="c">PP_GRAL</subfield>
    <subfield code="d">2024-04-23</subfield>
    <subfield code="l">0</subfield>
    <subfield code="o">634.6270953 V29</subfield>
    <subfield code="p">33724002585422</subfield>
    <subfield code="r">2024-04-23 00:00:00</subfield>
    <subfield code="t">c.2</subfield>
    <subfield code="w">2024-04-23</subfield>
    <subfield code="y">LIBRO</subfield>
  </datafield>
</record>
